00964nas a2200289 a 450000100060000000300080000600500170001400600190003100700150005000800410006503500210010604000260012705000220015308000100017508200140018524500430019926000630024230000070030536200290031253301640034165000250050565000170053065500290054771000190057685600620059599900170065737992FlNmELB20241216221538.0m o d | cr cn|||||||||201111r2010 ck |||||s|||||||||||spa d a(OCoLC)955454583 aFlNmELBbspacFlNmELB 4aZA3075bP984 2010 a316.704a028.722200aPunto de vistah[recurso electronico]. aBogotá :bEditorial Politécnico Grancolombiano,c2010. av.0 aNum. 2 (Agosto de 2010)- aRecurso electrónico. Santa Fe, Arg.: e-libro, 2015. Disponible vía World Wide Web. El acceso puede estar limitado para las bibliotecas afiliadas a e-libro. 0aMultidisciplinarias. 0aPeriodicals. 4aRevistas electrónicas.2 ae-libro, Corp.40uhttps://elibro.net/ereader/politecnicointernacional/84963 c37992d37992